[Event "FIDE Grand Swiss"]
[Site "Samarcanda"]
[Date "13.09.2025"]
[Round "9.23"]
[White "Robson, Ray"]
[Black "Kuzubov, Yuriy"]
[Result "1/2-1/2"]
[WhiteTitle "GM"]
[BlackTitle "GM"]
[WhiteElo "2674"]
[BlackElo "2600"]
[EventDate "2025.09.04"]
[WhiteFideId "2023970"]
[BlackFideId "14112906"]

1. e4 c5 2. Nf3 e6 3. c3 Nf6 4. Bd3 Nc6 5. O-O d5 6. e5 Nd7 7. Bb5 Qb6 8.
Ba4 c4 9. d4 cxd3 10. Qxd3 Nc5 11. Qd1 Nxa4 12. Qxa4 Bd7 13. Qf4 Be7 14.
Qg3 Rg8 15. Nbd2 O-O-O 16. Nb3 f6 17. Re1 Qc7 18. Nbd4 Nxe5 19. Nxe5 fxe5
20. Qxe5 Qxe5 21. Rxe5 Bf6 22. Re1 e5 23. Nf3 Rde8 24. Bg5 Bc6 25. Bxf6
gxf6 26. Nh4 Kc7 27. g3 a5 28. Rad1 b5 29. Ng2 b4 30. f4 bxc3 31. bxc3 Kd6
32. Rd2 Rb8 33. c4 d4 34. fxe5+ fxe5 35. c5+ Kd5 36. Ne3+ Kxc5 37. Rc2+ Kb6
38. Nc4+ Ka6 39. Nxe5 Bb5 40. Rd2 Rgd8 41. Re4 Rbc8 42. Kf2 a4 43. Nf3 d3
44. Nd4 Rf8+ 45. Rf4 Rxf4+ 46. gxf4 Bc4 47. a3 Kb6 48. Nf3 Kc5 49. Ke3 Kd5
50. Rg2 Re8+ 51. Ne5 Rb8 52. Rg7 Rb1 53. Nxc4 Kxc4 54. Rc7+ Kd5 55. Rxh7
Re1+ 56. Kxd3 Ra1 57. Rh5+ Ke6 58. Ke4 Rxa3 59. Rh6+ Kf7 60. Kf5 Ra2 61. h4
Rh2 62. h5 Kg7 63. Rg6+ Kf7 64. Ra6 Rxh5+ 65. Ke4 1/2-1/2

[Event "FIDE Grand Swiss"]
[Site "Samarcanda"]
[Date "13.09.2025"]
[Round "9.28"]
[White "Suleymanli, Aydin"]
[Black "Grischuk, Alexander"]
[Result "1/2-1/2"]
[WhiteTitle "GM"]
[BlackTitle "GM"]
[WhiteElo "2602"]
[BlackElo "2657"]
[EventDate "2025.09.04"]
[WhiteFideId "13413937"]
[BlackFideId "4126025"]

1. e4 c5 2. Nf3 d6 3. Bb5+ Nd7 4. c4 Nf6 5. Nc3 g6 6. O-O Bg7 7. h3 O-O 8.
Ba4 Nb6 9. Bb3 Nfd7 10. d3 Nb8 11. d4 cxd4 12. Nxd4 Nc6 13. Be3 Bd7 14. Rc1
Rc8 15. Nxc6 Bxc6 16. Qd2 Nd7 17. Rfd1 a6 18. Bc2 b5 19. cxb5 axb5 20. Bd3
Nc5 21. Nxb5 Nxd3 22. Qxd3 Bxb2 23. Rb1 Bxb5 24. Qxb5 Rb8 25. Qc4 Qa5 26.
Bh6 Bg7 27. Bxg7 Kxg7 28. a4 Ra8 29. Rb7 Qxa4 30. Qxa4 Rxa4 31. Rxe7
1/2-1/2

[Event "FIDE Grand Swiss"]
[Site "Samarcanda"]
[Date "13.09.2025"]
[Round "9.32"]
[White "Zemlyanskii, Ivan"]
[Black "Vokhidov, Shamsiddin"]
[Result "0-1"]
[WhiteTitle "GM"]
[BlackTitle "GM"]
[WhiteElo "2586"]
[BlackElo "2645"]
[EventDate "2025.09.04"]
[WhiteFideId "24249971"]
[BlackFideId "14204223"]

1. d4 Nf6 2. c4 e6 3. Nc3 Bb4 4. e3 O-O 5. Bd3 d5 6. cxd5 exd5 7. Ne2 Re8
8. Bd2 c6 9. O-O Bf8 10. Rc1 h6 11. Nf4 a5 12. Kh1 b6 13. Bc2 Na6 14. Qf3
Nc7 15. h3 Ne6 16. Nxe6 Bxe6 17. Rfd1 Rc8 18. Ne2 Ne4 19. Ng3 Nxd2 20. Rxd2
g6 21. Ne2 Bd6 22. Kg1 Bd7 23. a3 h5 24. Nf4 Qf6 25. Ba4 Kg7 26. Qg3 Kf8
27. h4 Re4 28. Qg5 Qxg5 29. hxg5 Rxf4 30. exf4 Bxf4 31. Rdd1 Bxc1 32. Rxc1
Ke7 33. f4 c5 34. Bb3 Kd6 35. Kf2 cxd4 36. Rxc8 Bxc8 37. g3 Kc5 38. Ke2 b5
39. Kd2 Bf5 40. Ke2 a4 41. Ba2 Be4 0-1

[Event "FIDE Grand Swiss"]
[Site "Samarcanda"]
[Date "13.09.2025"]
[Round "9.38"]
[White "Hovhannisyan, Robert"]
[Black "Gukesh D"]
[Result "1/2-1/2"]
[WhiteTitle "GM"]
[BlackTitle "GM"]
[WhiteElo "2629"]
[BlackElo "2767"]
[EventDate "2025.09.04"]
[WhiteFideId "13302507"]
[BlackFideId "46616543"]

1. e4 c5 2. Nf3 Nc6 3. d4 cxd4 4. Nxd4 Nf6 5. Nc3 e5 6. Ndb5 d6 7. Bg5 a6
8. Na3 b5 9. Nd5 Be7 10. Bxf6 Bxf6 11. c3 Rb8 12. Nc2 O-O 13. h4 g6 14. g3
Bg7 15. h5 Ne7 16. Ncb4 Nxd5 17. Nxd5 Bb7 18. Bh3 Bh6 19. Qd3 Kg7 20. Rd1
a5 21. a3 Bc6 22. Bg2 Qg5 23. Bf3 Bd7 24. Kf1 f5 25. hxg6 hxg6 26. Kg2 Rf7
27. exf5 Bxf5 28. Be4 Rbf8 29. Rhf1 Qg4 30. Bxf5 Rxf5 31. f3 Qa4 32. Qe4
Qb3 33. Rb1 Bg5 34. Rf2 Rh8 35. Rbf1 Bd8 36. Ne3 Rfh5 37. Qb7+ Qf7 38.
Qxf7+ Kxf7 39. Ng4 Ke6 40. Rd1 Bc7 41. Rfd2 Rf5 42. Ne3 Rf7 43. f4 Rfh7 44.
Kf3 Rh2 45. b4 a4 46. fxe5 Rxd2 47. Rxd2 dxe5 48. Rd5 Rb8 49. Ke4 Bd6 50.
c4 bxc4 51. Nxc4 Bxb4 52. axb4 Rxb4 53. Rxe5+ Kf6 54. Rc5 a3 55. Kd4 Ra4
56. Ra5 Rxa5 57. Nxa5 a2 58. Ke4 1/2-1/2

[Event "FIDE Grand Swiss"]
[Site "Samarcanda"]
[Date "13.09.2025"]
[Round "9.45"]
[White "Samunenkov, Ihor"]
[Black "Ivic, Velimir"]
[Result "1/2-1/2"]
[WhiteTitle "GM"]
[BlackTitle "GM"]
[WhiteElo "2550"]
[BlackElo "2630"]
[EventDate "2025.09.04"]
[WhiteFideId "14187086"]
[BlackFideId "950122"]

1. e4 c5 2. Nf3 d6 3. Bb5+ Nd7 4. Ba4 Nf6 5. O-O g6 6. Re1 Bg7 7. c3 O-O 8.
d4 Qc7 9. h3 e6 10. Nbd2 a6 11. e5 Ne8 12. Bxd7 Bxd7 13. Ne4 cxd4 14. cxd4
Bc6 15. Bg5 h6 16. Bh4 Bxe4 17. Rxe4 Rc8 18. Re3 Qd7 19. d5 exd5 20. Qxd5
Rc5 21. Qd3 Nc7 22. Qxd6 Rd5 23. Qxd7 Rxd7 24. Rc1 g5 25. Bg3 Ne6 26. Kf1
Kh7 27. Bh2 Rfd8 28. Ke2 Rd5 29. g4 Bf8 30. Bg3 Kg6 31. h4 Rb5 32. h5+ Kg7
33. Rb3 Rxb3 34. axb3 Rd5 35. Nd2 Bc5 36. Nc4 Bd4 37. Rd1 Kf8 38. Nd6 Rc5
39. Nf5 Bxb2 40. Nxh6 Nd4+ 41. Ke3 Rb5 42. Rxd4 Bxd4+ 43. Kxd4 Rxb3 44. Kd5
Rb5+ 45. Kc4 Rb6 46. Nf5 a5 47. e6 Rxe6 48. Kb5 Ra6 49. Nd6 a4 50. Nxb7 Ra8
51. Na5 Rd8 52. Kxa4 Rd4+ 53. Kb5 Rxg4 54. Nc4 Kg7 55. Ne3 Re4 56. Bc7 Kf6
57. Bg3 Kg7 58. Bd6 Kf6 59. Kc5 Rh4 60. h6 Kg6 61. Bf8 Rf4 62. Nd1 f5 63.
Kd5 g4 64. Bg7 Re4 65. Nb2 Re2 66. Nd3 Kh7 67. Bd4 Kxh6 68. Be3+ Kg7 69.
Nf4 Ra2 70. Ke6 Ra5 71. Nd5 Kg6 72. Ne7+ Kh5 73. Nxf5 Rb5 74. Kf6 Ra5 75.
Bf4 Ra6+ 76. Nd6 Kh4 77. Bg3+ Kh3 78. Kf5 Ra5+ 79. Kf4 Ra4+ 80. Ne4 Kg2 81.
Kf5 Kf3 82. Ng5+ Kg2 83. Ne6 Ra2 84. Nf4+ Kf1 85. Nd3 Rd2 86. Ke4 Re2+ 87.
Kd4 Rd2 88. Kc3 Re2 89. Bh4 Kg1 90. Kd4 1/2-1/2

[Event "FIDE Grand Swiss 2025"]
[Site "Samarkand UZB"]
[Date "2025.09.14"]
[Round "10.14"]
[White "Murzin, Volodar"]
[Black "Shirov, Alexei"]
[Result "1/2-1/2"]
[WhiteTitle "GM"]
[BlackTitle "GM"]
[WhiteElo "2678"]
[BlackElo "2620"]
[WhiteFideId "44155573"]
[BlackFideId "2209390"]
[EventDate "2025.09.04"]

1. c4 e6 2. Nf3 d5 3. d4 Nf6 4. g3 Be7 5. Bg2 O-O 6. O-O dxc4 7. Qc2 a6 8. a4
Bd7 9. Qxc4 Bc6 10. Bg5 Nbd7 11. Rd1 a5 12. Nbd2 h6 13. Bxf6 Nxf6 14. Qd3 Bb4
15. e4 Qe7 16. Ne5 Nd7 17. Nxc6 bxc6 18. Nc4 Rad8 19. Qc2 c5 20. d5 exd5 21.
Rxd5 Nb6 22. Nxb6 cxb6 23. Rad1 Rxd5 24. exd5 Rd8 25. Bf1 c4 26. Bxc4 Qe5 27. b3
g5 28. Kg2 Kg7 29. Qd3 Rd6 30. Qe3 Qxe3 31. fxe3 Kf6 32. Rf1+ Ke7 33. Rd1 Kf6
34. h4 gxh4 35. gxh4 Ke5 36. Kf3 Bc5 37. h5 Rf6+ 38. Ke2 Kd6 39. Rh1 Rf5 40. Rh4
Re5 41. Rh3 Rg5 42. Kf3 Ke5 43. Rh4 f5 44. Rh1 Bd6 45. Rh4 Bc5 46. e4 Rg4 47.
Rxg4 fxg4+ 48. Kxg4 Kxe4 49. Kg3 Bd6+ 50. Kf2 Ke5 1/2-1/2

[Event "FIDE Grand Swiss 2025"]
[Site "Samarkand UZB"]
[Date "2025.09.14"]
[Round "10.42"]
[White "Moussard, Jules"]
[Black "Salem, A.R. Saleh"]
[Result "1-0"]
[WhiteTitle "GM"]
[BlackTitle "GM"]
[WhiteElo "2584"]
[BlackElo "2640"]
[WhiteFideId "642908"]
[BlackFideId "9301348"]
[EventDate "2025.09.04"]

1. e4 c5 2. Nf3 d6 3. Bb5+ Nd7 4. Ba4 Nf6 5. O-O e6 6. d3 Be7 7. c4 O-O 8. Nc3
a6 9. Qe2 b6 10. d4 cxd4 11. Nxd4 Bb7 12. Bc6 Qc8 13. Bxb7 Qxb7 14. b3 Rac8 15.
Bb2 Rfe8 16. Rad1 d5 17. exd5 exd5 18. Qf3 Ne5 19. Qf5 Bc5 20. Nf3 d4 21. Nxd4
Rcd8 22. Na4 Bb4 23. Nc2 1-0

[Event "FIDE Grand Swiss 2025"]
[Site "Samarkand UZB"]
[Date "2025.09.14"]
[Round "10.50"]
[White "Muradli, Mahammad"]
[Black "Amin, Bassem"]
[Result "1/2-1/2"]
[WhiteTitle "GM"]
[BlackTitle "GM"]
[WhiteElo "2586"]
[BlackElo "2633"]
[WhiteFideId "13409301"]
[BlackFideId "10601457"]
[EventDate "2025.09.04"]

1. d4 Nf6 2. c4 e6 3. Nf3 Bb4+ 4. Bd2 c5 5. Bxb4 cxb4 6. g3 b6 7. a3 bxa3 8.
Rxa3 Bb7 9. Bg2 a5 10. O-O Na6 11. Nbd2 O-O 12. Qb1 Nb4 13. e4 d5 14. cxd5 exd5
15. e5 Ne4 16. Rd1 Rc8 17. Ne1 f5 18. f3 Ng5 19. Rc3 Ne6 20. Nf1 Rc4 21. Nc2 f4
22. Na3 fxg3 23. hxg3 Rxd4 24. Bh3 Nf4 25. gxf4 Rdxf4 26. Rd2 d4 27. Nh2 Qg5+
28. Rg2 Qxe5 29. Nc4 Qc5 30. Rc1 d3+ 31. Kh1 Qh5 32. Be6+ Kh8 33. Nd2 Qh6 34.
Bb3 Rxf3 35. Nxf3 Bxf3 36. Rg1 Bxg2+ 37. Rxg2 d2 38. Qe4 Qd6 39. Bd1 Nd3 40. Qe3
Nxb2 41. Qc3 Qf6 42. Qxf6 gxf6 43. Rxd2 Nxd1 44. Rxd1 f5 45. Nf3 a4 46. Rb1 Rb8
47. Nd4 a3 48. Nc2 a2 49. Rb2 Ra8 50. Kg2 Kg7 51. Na1 Ra6 52. Kg3 Kf6 53. Rb5
Kg5 54. Rb2 h5 55. Rb3 Kf6 56. Rb5 Ke6 57. Kh4 f4 58. Kxh5 f3 59. Rb3 Kd5 60.
Rxf3 b5 61. Rf2 b4 62. Rd2+ Kc4 63. Rc2+ Kb5 64. Kg5 b3 65. Nxb3 Kb4 66. Na1 Ka3
67. Rxa2+ Kxa2 68. Nc2 Kb3 69. Ne3 Kc3 70. Nf5 Kd3 71. Kf4 Re6 72. Ng3 Re8 73.
Nf5 Re4+ 74. Kf3 Ra4 75. Ng3 Kd4 76. Kf4 Kd5+ 77. Kf5 Rb4 78. Ne2 Kd6 79. Nf4
Rxf4+ 80. Kxf4 1/2-1/2

[Event "FIDE Grand Swiss"]
[Site "Samarcanda"]
[Date "15.09.2025"]
[Round "11.22"]
[White "Ivanchuk, Vasyl"]
[Black "Grandelius, Nils"]
[Result "1/2-1/2"]
[WhiteTitle "GM"]
[BlackTitle "GM"]
[WhiteElo "2608"]
[BlackElo "2648"]
[EventDate "2025.09.04"]
[WhiteFideId "14100010"]
[BlackFideId "1710400"]

1. d4 Nf6 2. c4 e6 3. Nc3 Bb4 4. Qc2 c5 5. dxc5 Bxc5 6. Nf3 b6 7. Bf4 Bb7
8. Rd1 Nc6 9. h3 Ne7 10. e4 Ng6 11. Bh2 O-O 12. Be2 Bb4 13. Nd2 d5 14. exd5
exd5 15. O-O Re8 16. Rfe1 Bd6 17. Bxd6 Qxd6 18. Bf1 Rxe1 19. Rxe1 Qc6 20.
Nb5 dxc4 21. Qxc4 Qd7 22. Qb4 Bc6 23. Nd4 Bb7 24. Nb5 Bc6 25. Nd4 Bb7 26.
N2b3 h6 27. Nb5 Bc6 28. N3d4 Bd5 29. Nc3 Bb7 30. Ndb5 Qd2 31. Re3 Bc6 32.
Nd4 Bb7 33. Ndb5 Bc6 34. Nd4 Bb7 35. Nf3 Qd7 36. Nd4 Rd8 37. Ndb5 a5 38.
Qc4 Nd5 39. Nxd5 Bxd5 40. Qd4 Bxa2 41. Qxb6 Qd2 42. b4 axb4 43. Re2 Qg5 44.
Rxa2 Rd1 45. Qc6 b3 46. Re2 Kh7 47. g3 Rc1 48. h4 Nxh4 49. Qe4+ Ng6 50. Qd3
f5 51. Qd2 b2 52. Qxb2 Nf4 53. Qd2 Rxf1+ 54. Kxf1 Qh5 55. Kg1 Nxe2+ 56. Kg2
Qe8 57. Nd6 Qc6+ 58. f3 Qc5 59. Qxe2 Qxd6 60. Qe8 Qd2+ 61. Kf1 Qc1+ 62. Kg2
Qc2+ 63. Kf1 Qb1+ 64. Kg2 f4 65. g4 Qc2+ 66. Kf1 Qd3+ 67. Kg2 Qd2+ 68. Kf1
Qd3+ 69. Kg2 Qd5 70. Kf2 Qc5+ 71. Kg2 Qe3 72. Qxe3 fxe3 73. f4 h5 74. gxh5
Kh6 75. Kf3 Kxh5 76. Kxe3 Kg6 77. Ke4 1/2-1/2

[Event "FIDE Grand Swiss"]
[Site "Samarcanda"]
[Date "15.09.2025"]
[Round "11.31"]
[White "Kollars, Dmitrij"]
[Black "Ponomariov, Ruslan"]
[Result "1/2-1/2"]
[WhiteTitle "GM"]
[BlackTitle "GM"]
[WhiteElo "2647"]
[BlackElo "2622"]
[EventDate "2025.09.04"]
[WhiteFideId "12909572"]
[BlackFideId "14103320"]

1. d4 d5 2. Nf3 Nf6 3. g3 c6 4. c4 Bf5 5. Nc3 e6 6. Nh4 dxc4 7. Nxf5 exf5
8. e3 Nbd7 9. Bxc4 Nb6 10. Bb3 Bd6 11. Bd2 Qe7 12. O-O O-O 13. Qf3 g6 14.
Rfd1 Rad8 15. Be1 Kg7 16. a3 a6 17. Rac1 h5 18. h4 Rfe8 19. Ba2 Ne4 20. Ne2
Nd5 21. Rc2 Bb8 22. Rdc1 Rd7 23. Kg2 Qd8 24. Nc3 Ndf6 25. Qe2 Nxc3 26. Bxc3
Nd5 27. Qf3 Nxc3 28. Rxc3 Bd6 29. Bc4 Qb6 30. R1c2 Ree7 31. b4 a5 32. Rb3
Rd8 33. Rcb2 axb4 34. axb4 Ra8 35. Qd1 Ra4 36. Qd2 Re8 37. Qc3 Be7 38. Be2
Kg8 39. Bc4 Rea8 40. Qc2 Kg7 41. Rb1 Ra2 42. R3b2 R2a3 43. Ra2 Qc7 44. Rxa3
Rxa3 45. Ba2 Bd6 46. Rb2 Qe7 47. Bc4 Ra7 48. b5 c5 49. b6 Ra3 50. dxc5 Bxc5
51. Bd5 Ra8 52. Rb5 Bd6 53. Qc3+ Kg8 54. Qc4 Rd8 55. Ra5 Bb8 56. Bf3 Kg7
57. Qc3+ Kh7 58. Rc5 Bd6 59. Rb5 Bb8 60. Kg1 Bd6 61. Rd5 Bb4 62. Qb3 Rxd5
63. Bxd5 Bc5 64. Bxf7 Qf6 65. Be6 Qd8 66. Bd5 Bxb6 67. Bxb7 Qf6 68. Bd5 Bc5
69. Qb7+ Be7 70. Qc8 Bf8 71. Be6 Kh6 72. Bb3 Bg7 73. Bg8 Qf8 74. Qc4 Bf6
75. Be6 Kh7 76. Qd5 Bg7 77. Bf7 Bf6 78. Kg2 Kg7 79. Be6 Qd8 80. Qb5 Qe7 81.
Qc6 Be5 82. Qc8 Kh6 83. Bd5 Bf6 84. Be6 Be5 85. Bxf5 gxf5 86. Qxf5 Qf6 87.
Qe4 Bc3 88. Qd3 Be1 89. Qe2 Bc3 90. e4 Bd4 91. Qd2+ Kh7 92. Qc2 Kh6 93.
Qd2+ Kh7 94. f4 Qb6 95. Qd1 Kh6 96. Qd3 Qb2+ 97. Kh3 Qc1 98. Qf3 Qe3 99.
Kg2 Qg1+ 100. Kh3 Qe3 101. Qg2 Qf2 102. Qxf2 Bxf2 103. g4 Be1 104. e5 Bc3
105. Kg3 Be1+ 106. Kh3 Bc3 107. e6 hxg4+ 108. Kxg4 Bf6 109. f5 Be7 110. Kf4
Bxh4 111. Ke5 Kg7 112. e7 Kf7 113. f6 Bxf6+ 114. Kf5 Bh4 115. e8=B+ Ke7
116. Ke4 1/2-1/2

[Event "FIDE Grand Swiss"]
[Site "Samarcanda"]
[Date "15.09.2025"]
[Round "11.41"]
[White "Svane, Frederik"]
[Black "Kuzubov, Yuriy"]
[Result "1-0"]
[WhiteTitle "GM"]
[BlackTitle "GM"]
[WhiteElo "2643"]
[BlackElo "2600"]
[EventDate "2025.09.04"]
[WhiteFideId "12923044"]
[BlackFideId "14112906"]

1. e4 c5 2. Nf3 Nc6 3. Nc3 Nf6 4. Bb5 Qc7 5. d3 e6 6. Bxc6 Qxc6 7. e5 Ng8
8. a4 d5 9. O-O b6 10. Re1 Ne7 11. h4 Qd7 12. h5 h6 13. a5 Bb7 14. d4 Nf5
15. Ne2 Be7 16. Qd3 O-O 17. Bf4 Bc6 18. Qd2 Bb5 19. c3 Bc4 20. Ng3 Nxg3 21.
fxg3 bxa5 22. Rxa5 cxd4 23. Nxd4 Rfb8 24. g4 Bd8 25. Ra3 a5 26. Rea1 a4 27.
Qc2 Bb6 28. Rxa4 Rxa4 29. Qxa4 Qxa4 30. Rxa4 Bxd4+ 31. cxd4 Be2 32. g5 hxg5
33. Bxg5 Bxh5 34. b4 Be2 35. Be7 Kh7 36. Ra3 Rc8 37. Bc5 Bc4 38. Ra7 Kg6
39. Rb7 Ra8 40. b5 Ra2 41. b6 Rb2 42. Ra7 Bb5 43. Ra8 Bc6 44. Rg8 f6 45.
exf6 Kxf6 46. Rf8+ Kg6 47. Rc8 Bb7 48. Re8 Kf6 49. Rf8+ Kg6 50. Re8 Kf6 51.
Rf8+ Kg6 52. Kh2 Rb5 53. Re8 Kf6 54. Rf8+ Kg6 55. Rb8 Ba6 56. Ra8 Bb7 57.
Ra7 Bc8 58. Rc7 Ba6 59. Ra7 Bc8 60. g4 Rb3 61. Kg2 Kf6 62. Be7+ Kg6 63. Bc5
Kf6 64. Bd6 Rxb6 65. Be5+ Kg6 66. Rxg7+ Kh6 67. g5+ Kh5 68. g6 Ba6 69. Rg8
Rb2+ 70. Kg3 Rb3+ 71. Kf4 Be2 72. Bf6 Kh6 73. g7 Kg6 74. Rf8 1-0

[Event "FIDE Grand Swiss"]
[Site "Samarcanda"]
[Date "15.09.2025"]
[Round "11.53"]
[White "Suyarov, Mukhammadzokhid"]
[Black "Sarana, Alexey"]
[Result "1/2-1/2"]
[WhiteTitle "IM"]
[BlackTitle "GM"]
[WhiteElo "2482"]
[BlackElo "2686"]
[EventDate "2025.09.04"]
[WhiteFideId "14210495"]
[BlackFideId "24133795"]

1. e4 c5 2. Nf3 d6 3. Bb5+ Nd7 4. c3 a6 5. Ba4 Nf6 6. Qe2 b5 7. Bc2 Bb7 8.
d4 e6 9. O-O Be7 10. Re1 Qc7 11. a4 cxd4 12. cxd4 O-O 13. Bd3 bxa4 14. Rxa4
a5 15. Nc3 Rfc8 16. Bf4 e5 17. Be3 exd4 18. Rxd4 Ne5 19. Rd1 Bc6 20. Bb1
Rab8 21. h3 Nxf3+ 22. gxf3 Rb4 23. Ba2 Qb7 24. R1d2 Bd7 25. Kh2 Be6 26. Nd5
Rxd4 27. Rxd4 Bd8 28. Bf4 Ne8 29. Bg3 Rc1 30. f4 Bb6 31. Qb5 Kf8 32. f5
Bxd5 33. Bxd5 Qc7 34. Rc4 Rxc4 35. Bxc4 Bd4 36. b3 Nf6 37. Qa6 Ke7 38. Qa8
g5 39. fxg6 hxg6 40. Kg2 Qa7 41. Qxa7+ Bxa7 42. Bh4 Bd4 43. f4 Kf8 44. Kf3
Nd7 45. Be1 Bb6 46. Bc3 Nc5 47. Bf6 Nd7 48. Bh4 Nc5 49. Bd5 Nd3 50. Bg3 Bd4
51. Bc4 Nb4 52. Bh4 f6 53. Be1 Kg7 54. Kg4 Bb6 55. Bc3 Nc2 56. Be6 Nd4 57.
Bd5 Kh6 58. f5 g5 59. h4 gxh4 60. Kxh4 Kg7 61. Kg4 Nc2 62. Bd2 Kh7 63. Kf3
Nd4+ 64. Kg2 Kg7 65. Bf4 Bc5 66. Kf1 Kf8 67. Ke1 Bb4+ 68. Kf2 Bc5 69. Kg2
Bb4 70. Be3 Bc3 71. Kg3 Nc2 72. Bh6+ Ke7 73. Kf3 Bd4 74. Bd2 Bb6 75. Kg4
Kf8 76. Kf3 Nb4 77. Bc3 Ke7 78. Ke2 Bg1 79. Kd2 Bf2 80. Bb2 Na6 81. Kc3
Be1+ 82. Kc4 Nc7 83. Bd4 Bb4 84. Bc6 Be1 85. Bb6 Kd8 86. Kd3 Bb4 87. Kc2
Be1 88. Kb2 Bb4 89. Ka2 Bc3 90. Kb1 Bd2 91. Ka2 Bc3 92. Ka3 Kc8 93. Ka4 Na6
94. Kb5 Nc5 95. Bd5 Kd7 96. Kc4 Be1 97. Kb5 Bc3 98. Kc4 Be1 99. e5 fxe5
100. f6 Ne6 101. f7 Nf8 102. Be3 Nh7 103. Be4 Nf8 104. Bd5 Nh7 105. Be4 Nf8
106. Bg5 Ke6 107. Bd5+ Kd7 108. Kd3 Bg3 109. Ke4 Bf4 110. Bh4 Ng6 111. Be1
Ke7 112. Bxa5 Nh8 113. Bd8+ Kf8 114. Bf6 Nxf7 115. Kf5 Ke8 116. Bc6+ Kf8
117. Kg6 d5 118. Bxd5 Nd6 119. b4 e4 120. Bxe4 Nxe4 1/2-1/2